|
|
|
|
| LEADER |
00000naa2a2200000 4500 |
| 001 |
118492 |
| 005 |
20231031124144.0 |
| 035 |
|
|
|a (RuTPU)RU\TPU\book\128216
|
| 090 |
|
|
|a 118492
|
| 100 |
|
|
|a 20070613d2003 k y0rusy50 ca
|
| 101 |
0 |
|
|a rus
|
| 102 |
|
|
|a RU
|
| 200 |
1 |
|
|a Разработка структуры имитационной модели передач с ПТК
|f В. М. Кузнецов, М. Н. Боголюбова, Е. А. Ефременков
|
| 320 |
|
|
|a Библиогр.: 2 назв.
|
| 461 |
|
0 |
|0 (RuTPU)RU\TPU\book\64647
|t Современные техника и технологии
|l Modern Technique and Technologies
|o IX Международная научно-практическая конференция студентов, аспирантов и молодых ученых, г. Томск, 7-11 апреля 2003 г.
|o труды в 2 т.
|f Томский политехнический университет ; Современные техника и технология, Международная научно-практическая конфереция ; под ред. А. С. Заворина
|d 2003-
|
| 463 |
|
0 |
|0 (RuTPU)RU\TPU\book\64489
|y 5-98298-037-4
|t Т. 1.
|v С. 237-238
|d 2003
|p 321 с.
|
| 610 |
1 |
|
|a имитационные модели
|
| 610 |
1 |
|
|a механические передачи
|
| 610 |
1 |
|
|a промежуточные тела качения
|
| 610 |
1 |
|
|a передачи механические
|
| 610 |
1 |
|
|a оценка
|
| 610 |
1 |
|
|a эффективность
|
| 610 |
1 |
|
|a труды учёных ТПУ
|
| 700 |
|
1 |
|a Кузнецов
|b В. М.
|
| 701 |
|
1 |
|a Боголюбова
|b М. Н.
|c специалист в области машиностроения
|c доцент Томского политехнического университета, кандидат технических наук
|f 1940-
|g Мария Никитична
|2 stltpush
|3 (RuTPU)RU\TPU\pers\26419
|4 070
|
| 701 |
|
1 |
|a Ефременков
|b Е. А.
|c российский ученый, специалист в области машиностроения
|c доцент Томского политехнического университета, кандидат технических наук
|f 1975-
|g Егор Алексеевич
|2 stltpush
|3 (RuTPU)RU\TPU\pers\25819
|4 070
|
| 801 |
|
1 |
|a RU
|b 63413507
|c 20070613
|g PSBO
|
| 801 |
|
2 |
|a RU
|b 63413507
|c 20150311
|g RCR
|
| 942 |
|
|
|c BK
|